000 00762nam a22002417a 4500
005 20170124110144.0
010 _aA-408188
020 _c00.00
035 _aA-408188
037 _bCen Lib/Ret
040 _aDPL
_bEN
082 _a660
_bMAK
100 _aMakarov, Bulavin.I.
_933064
245 _aHeat processes in glass and silicate technology /
_cby Bulavin I.Makarov, Rapopart A. [and] V.Khokhlov
260 _bMir Publishers
_c1986
_aMoscow
300 _a272p. :
_c21cm(Hb)
_bill.
500 _aIncludes bibliographical references and index
650 _aGlass making furnaces
_933065
650 _aSolar energy processes
_933066
700 _aRapoport, A.
_933067
700 _aKhokhlov, V.
_933068
942 _2ddc
_cEN
_h660
_mMAK
999 _c131873
_d131873